|
|
|
|
| LEADER |
00000naa2a2200000 4500 |
| 001 |
426203 |
| 005 |
20231101074512.0 |
| 035 |
|
|
|a (RuTPU)RU\TPU\prd\84926
|
| 035 |
|
|
|a RU\TPU\prd\35021
|
| 090 |
|
|
|a 426203
|
| 100 |
|
|
|a 20100701a2005 k y0rusy50 ca
|
| 101 |
0 |
|
|a rus
|
| 102 |
|
|
|a RU
|
| 200 |
1 |
|
|a Способ извлечения трития из отходов тритийсодержащих вакуумных масел
|f А. Б. Сазонов, Э. П. Магомедбеков, Г. В. Веретенникова и др.
|
| 225 |
1 |
|
|a Статьи
|
| 320 |
|
|
|a Библиогр.: 12 назв.
|
| 461 |
|
0 |
|0 (RuTPU)RU\TPU\prd\33
|x 0004-7163
|t Атомная энергия
|o теоретический и научно-технический журнал
|f Российская академия наук ; Министерство РФ по атомной энергии, ядерного общества
|d 1956-
|
| 463 |
|
0 |
|0 (RuTPU)RU\TPU\prd\84917
|t Т. 98, вып. 2
|v с. 134-143
|d 2005
|
| 610 |
1 |
|
|a тритий
|
| 610 |
1 |
|
|a извлечение
|
| 610 |
1 |
|
|a тритийсодержащие гозовые смеси
|
| 610 |
1 |
|
|a вакуумные масла
|
| 610 |
1 |
|
|a отходы
|
| 610 |
1 |
|
|a насосы
|
| 610 |
1 |
|
|a минеральные масла
|
| 610 |
1 |
|
|a адсорбция
|
| 610 |
1 |
|
|a концентрированная серная кислота
|
| 610 |
1 |
|
|a радиационная опасность
|
| 610 |
1 |
|
|a снижение
|
| 675 |
|
|
|a 621.039.73
|v 3
|
| 701 |
|
1 |
|a Сазонов
|b А. Б.
|
| 701 |
|
1 |
|a Магомедбеков
|b Э. П.
|
| 701 |
|
1 |
|a Веретенникова
|b Г. В.
|
| 701 |
|
1 |
|a Самойлов
|b С. А.
|
| 701 |
|
1 |
|a Жарков
|b А. В.
|
| 801 |
|
1 |
|a RU
|b 63413507
|c 20050418
|g PSBO
|
| 801 |
|
2 |
|a RU
|b 63413507
|c 20100701
|g RCR
|
| 942 |
|
|
|c BK
|